Big Brother 17 Week by Week Quiz Stats

 Plays Quiz not verified by Sporcle

Also try: Mad Men Characters
Challenge
Share
Tweet
Embed
Score 0/94 Timer 17:00
0 Plays Today
Hint Answer % Correct
????
100%
????
84.1%
????
77.7%
????
77.5%
????
76.7%
????
75.4%
????
75.4%
????
72.3%
????
68.6%
????
67.4%
????
67.4%
????
67.4%
????
67.4%
????
67.4%
????
66.9%
????
64.2%
????
64%
????
64%
????
64%
????
63.8%
????
63.8%
????
63.1%
????
61.9%
????
61.6%
????
61.6%
????
61.4%
????
61%
????
61%
????
60.4%
????
59.8%
????
59.1%
????
59.1%
Hint Answer % Correct
????
58.9%
????
58.9%
????
58.9%
????
58.5%
????
58.5%
????
58.5%
????
58.3%
????
58.1%
????
58.1%
????
57.8%
????
57.6%
????
57.6%
????
57.6%
????
57.6%
????
57.4%
????
57.4%
????
57.4%
????
57.4%
????
57.4%
????
56.8%
????
56.6%
????
56.4%
????
56.2%
????
55.8%
????
55.6%
????
55.6%
????
55.6%
????
55.6%
????
55.4%
????
55.2%
????
55%
????
54.7%
Hint Answer % Correct
????
54.7%
????
54.3%
????
54.1%
????
54.1%
????
53.7%
????
53.7%
????
53.7%
????
53.7%
????
53.7%
????
53.6%
????
53.6%
????
53.6%
????
53.4%
????
53.2%
????
53.2%
????
53.2%
????
53.2%
????
52.9%
????
52.9%
????
52.6%
????
52.6%
????
52.4%
????
52.2%
????
52.2%
????
52%
????
51.8%
????
51.8%
????
51.8%
????
51.8%
????
51.8%

You're not logged in!

Compare scores with friends on all Sporcle quizzes.
OR
Log In

You Might Also Like...

Show Comments

Extras

Top Quizzes Today


Score Distribution

Your Account Isn't Verified!

In order to create a playlist on Sporcle, you need to verify the email address you used during registration. Go to your Sporcle Settings to finish the process.

Report this User

Report this user for behavior that violates our Community Guidelines.

Details: